000 00447nam a2200181Ia 4500
005 20250423100929.0
008 250422s9999 xx 000 0 und d
020 _a9780273693475
050 _aHD 2341 .S76/
100 _aStorey, David J.
245 0 _aSmall business and entrepreneurship
260 _aNew York
260 _bPrentice Hall
260 _c2010
300 _a550 p
650 _aSmall business Entrepreneurship
942 _cBK
999 _c34778
_d34778